[Event "Teteven op 31st"]
[Site "Teteven"]
[Date "2016.08.16"]
[Round "4"]
[White "Chartazanov, Valentin"]
[Black "Vasilev, Vladislav"]
[Result "1/2-1/2"]
[WhiteElo "1709"]
[BlackElo "1429"]
[PlyCount "68"]
[EventDate "2016.08.13"]
[EventType "swiss"]
[EventRounds "9"]
[EventCountry "BUL"]
[SourceTitle "CBM 173 Extra"]
[Source "ChessBase"]
[SourceDate "2016.08.29"]
[SourceVersion "1"]
[SourceVersionDate "2016.08.29"]
[SourceQuality "1"]

1. c4 e6 2. g3 c6 3. Bg2 d5 4. cxd5 exd5 5. d4 Nf6 6. Bg5 Be7 7. Nf3 Ne4 8. Bxe7 Qxe7 9. 0-0 Nd7 10. Nbd2 Nxd2 11. Qxd2 0-0 12. Rfe1 Nb6 13. b3 Bf5 14. Nh4 Bg6 15. Nxg6 fxg6 16. e4 dxe4 17. Rxe4 Qf6 18. Rae1 Rad8 19. Rf4 Qd6 20. Rxf8+ Qxf8 21. Qa5 Ra8 22. Qe5 Qf7 23. Bh3 Kh8 24. Be6 Qe7 25. Bh3 Qf7 26. Qd6 Rf8 27. f4 Re8 28. Re5 Rxe5 29. dxe5 h6 30. e6 Qf6 31. Qb8+ Kh7 32. Qxb7 Qd4+ 33. Kg2 Qd2+ 34. Kf3 Qd3+ 1/2-1/2